MARC details
| 000 -LEADER |
| fixed length control field |
03406cas a2200925 4500 |
| 001 - CONTROL NUMBER |
| control field |
11201462 |
| 003 - CONTROL NUMBER IDENTIFIER |
| control field |
OSt |
| 005 - DATE AND TIME OF LATEST TRANSACTION |
| control field |
20250908113830.0 |
| 008 - FIXED-LENGTH DATA ELEMENTS--GENERAL INFORMATION |
| fixed length control field |
750919c19729999nyuar m 0 a0eng |
| 010 ## - LIBRARY OF CONGRESS CONTROL NUMBER |
| LC control number |
76645434 |
| Canceled/invalid LC control number |
2021303427 |
| 015 ## - NATIONAL BIBLIOGRAPHY NUMBER |
| National bibliography number |
GB8120711 |
| Source |
bnb |
| 016 7# - NATIONAL BIBLIOGRAPHIC AGENCY CONTROL NUMBER |
| Record control number |
186466-X |
| Source |
DE-600 |
| 016 7# - NATIONAL BIBLIOGRAPHIC AGENCY CONTROL NUMBER |
| Record control number |
7511860 |
| Source |
DNLM |
| 016 7# - NATIONAL BIBLIOGRAPHIC AGENCY CONTROL NUMBER |
| Record control number |
A13470000 |
| Source |
DNLM |
| 016 7# - NATIONAL BIBLIOGRAPHIC AGENCY CONTROL NUMBER |
| Source |
Uk |
| 016 7# - NATIONAL BIBLIOGRAPHIC AGENCY CONTROL NUMBER |
| Record control number |
012293084 |
| Source |
Uk |
| 020 ## - INTERNATIONAL STANDARD BOOK NUMBER |
| International Standard Book Number |
9780443157745 |
| 022 ## - INTERNATIONAL STANDARD SERIAL NUMBER |
| International Standard Serial Number |
0360-0564 |
| ISSN-L |
0360-0564 |
| Canceled ISSN |
0099-6254 |
| Source |
1 |
| 030 ## - CODEN DESIGNATION |
| CODEN |
ADCAAX |
| 030 ## - CODEN DESIGNATION |
| CODEN |
ABCAAX |
| 035 ## - SYSTEM CONTROL NUMBER |
| System control number |
11201462 |
| 035 ## - SYSTEM CONTROL NUMBER |
| System control number |
(OCoLC)1636053 |
| 037 ## - SOURCE OF ACQUISITION |
| Source of stock number/acquisition |
Academic Press, 111 Fifth Ave., New York, NY, 10003 |
| 040 ## - CATALOGING SOURCE |
| Original cataloging agency |
AGL |
| Language of cataloging |
eng |
| Transcribing agency |
AGL |
| Modifying agency |
NLM |
| -- |
NSD |
| -- |
DLC |
| -- |
NSD |
| -- |
OCL |
| -- |
SER |
| -- |
NST |
| -- |
OCL |
| -- |
NST |
| -- |
DLC |
| -- |
WAU |
| -- |
GUA |
| -- |
OCLCQ |
| -- |
NLGGC |
| -- |
LVB |
| -- |
OCLCQ |
| -- |
HEBIS |
| -- |
GUA |
| -- |
DLC |
| -- |
UKMGB |
| -- |
Y9N |
| -- |
DLC |
| -- |
CUV |
| -- |
OCLCF |
| -- |
OCLCO |
| -- |
OCLCQ |
| -- |
OCLCO |
| -- |
YDXCP |
| -- |
YDX |
| -- |
OCLCO |
| -- |
CSAIL |
| -- |
OCLCO |
| -- |
RCE |
| -- |
OCLCO |
| -- |
XFF |
| -- |
OCLCA |
| -- |
SNN |
| -- |
OCLCA |
| -- |
L2U |
| -- |
OCLCO |
| -- |
CPO |
| -- |
OCLCO |
| -- |
BUF |
| -- |
OCLCO |
| -- |
OCLCQ |
| -- |
OCLCO |
| -- |
DCHUA |
| -- |
OCLCO |
| -- |
OCL |
| -- |
DLC |
| -- |
OCLCA |
| 042 ## - AUTHENTICATION CODE |
| Authentication code |
nsdp |
| -- |
pcc |
| 050 00 - LIBRARY OF CONGRESS CALL NUMBER |
| Classification number |
QD501 |
| Item number |
.A33 |
| 060 00 - NATIONAL LIBRARY OF MEDICINE CALL NUMBER |
| Classification number |
W1 |
| Item number |
AD53H |
| 070 ## - NATIONAL AGRICULTURAL LIBRARY CALL NUMBER |
| Classification number |
381 |
| Item number |
Ad92 |
| 082 04 - DEWEY DECIMAL CLASSIFICATION NUMBER |
| Classification number |
541/.395/05 |
| 100 ## - MAIN ENTRY--PERSONAL NAME |
| Personal name |
Leeuwen, iet Van |
| 210 0# - ABBREVIATED TITLE |
| Abbreviated title |
Advances in catalysis |
| 222 #0 - KEY TITLE |
| Key title |
Advances in catalysis |
| 245 00 - TITLE STATEMENT |
| Title |
Advances in catalysis, volume 73 |
| Remainder of title |
enantioselective C-C bond forming reactions: from metal complex-, oregano, and bio-catalyzed perspective |
| Statement of responsibility, etc. |
edited by Piet Van Leeuwen ... [et al.] |
| 260 ## - PUBLICATION, DISTRIBUTION, ETC. |
| Place of publication, distribution, etc. |
New York, |
| Name of publisher, distributor, etc. |
Academic Press, |
| Date of publication, distribution, etc. |
c2023 |
| 300 ## - PHYSICAL DESCRIPTION |
| Extent |
volumes |
| Other physical details |
illustrations |
| Dimensions |
24 cm |
| 310 ## - CURRENT PUBLICATION FREQUENCY |
| Current publication frequency |
Annual |
| 336 ## - CONTENT TYPE |
| Content type term |
text |
| Content type code |
txt |
| Source |
rdacontent |
| 337 ## - MEDIA TYPE |
| Media type term |
unmediated |
| Media type code |
n |
| Source |
rdamedia |
| 338 ## - CARRIER TYPE |
| Carrier type term |
volume |
| Carrier type code |
nc |
| Source |
rdacarrier |
| 362 0# - DATES OF PUBLICATION AND/OR SEQUENTIAL DESIGNATION |
| Dates of publication and/or sequential designation |
v. 22- |
| 504 ## - BIBLIOGRAPHY, ETC. NOTE |
| Bibliography, etc. note |
Includes bibliographical references |
| 510 2# - CITATION/REFERENCES NOTE |
| Name of source |
Chemical abstracts |
| International Standard Serial Number |
0009-2258 |
| 590 ## - LOCAL NOTE (RLIN) |
| Local note |
SERBIB/SERLOC merged record |
| 650 #0 - SUBJECT ADDED ENTRY--TOPICAL TERM |
| Topical term or geographic name entry element |
Catalysis |
| Form subdivision |
Periodicals. |
| 650 #0 - SUBJECT ADDED ENTRY--TOPICAL TERM |
| Topical term or geographic name entry element |
Catalysis. |
| 650 #0 - SUBJECT ADDED ENTRY--TOPICAL TERM |
| Topical term or geographic name entry element |
Chemistry, Physical and theoretical. |
| 650 #0 - SUBJECT ADDED ENTRY--TOPICAL TERM |
| Topical term or geographic name entry element |
Catalysts. |
| 650 #2 - SUBJECT ADDED ENTRY--TOPICAL TERM |
| Topical term or geographic name entry element |
Catalysis |
| 650 #2 - SUBJECT ADDED ENTRY--TOPICAL TERM |
| Topical term or geographic name entry element |
Chemistry, Physical |
| 650 #6 - SUBJECT ADDED ENTRY--TOPICAL TERM |
| Topical term or geographic name entry element |
Catalyse. |
| 650 #6 - SUBJECT ADDED ENTRY--TOPICAL TERM |
| Topical term or geographic name entry element |
Catalyseurs. |
| 650 #6 - SUBJECT ADDED ENTRY--TOPICAL TERM |
| Topical term or geographic name entry element |
Catalyse |
| Form subdivision |
Périodiques. |
| 650 #6 - SUBJECT ADDED ENTRY--TOPICAL TERM |
| Topical term or geographic name entry element |
Chimie physique et théorique. |
| 650 #7 - SUBJECT ADDED ENTRY--TOPICAL TERM |
| Topical term or geographic name entry element |
physical chemistry. |
| Source of heading or term |
aat |
| 650 #7 - SUBJECT ADDED ENTRY--TOPICAL TERM |
| Topical term or geographic name entry element |
catalyst. |
| Source of heading or term |
aat |
| 650 #7 - SUBJECT ADDED ENTRY--TOPICAL TERM |
| Topical term or geographic name entry element |
35.17 catalysis. |
| Authority record control number or standard number |
(NL-LeOCL)077601149 |
| Source of heading or term |
bcl |
| 650 #7 - SUBJECT ADDED ENTRY--TOPICAL TERM |
| Topical term or geographic name entry element |
Chemistry, Physical and theoretical. |
| Source of heading or term |
fast |
| Authority record control number or standard number |
(OCoLC)fst00853521 |
| 650 #7 - SUBJECT ADDED ENTRY--TOPICAL TERM |
| Topical term or geographic name entry element |
Catalysts. |
| Source of heading or term |
fast |
| Authority record control number or standard number |
(OCoLC)fst00848875 |
| 650 #7 - SUBJECT ADDED ENTRY--TOPICAL TERM |
| Topical term or geographic name entry element |
Catalysis. |
| Source of heading or term |
fast |
| Authority record control number or standard number |
(OCoLC)fst00848867 |
| 650 #7 - SUBJECT ADDED ENTRY--TOPICAL TERM |
| Topical term or geographic name entry element |
Katalysator |
| Source of heading or term |
gnd |
| 650 #7 - SUBJECT ADDED ENTRY--TOPICAL TERM |
| Topical term or geographic name entry element |
Katalyse |
| Source of heading or term |
gnd |
| 650 17 - SUBJECT ADDED ENTRY--TOPICAL TERM |
| Topical term or geographic name entry element |
Katalyse. |
| Source of heading or term |
gtt |
| 650 07 - SUBJECT ADDED ENTRY--TOPICAL TERM |
| Topical term or geographic name entry element |
Katalysator. |
| Source of heading or term |
swd |
| 650 07 - SUBJECT ADDED ENTRY--TOPICAL TERM |
| Topical term or geographic name entry element |
Katalyse. |
| Source of heading or term |
swd |
| 653 ## - INDEX TERM--UNCONTROLLED |
| Uncontrolled term |
Catalysis |
| -- |
Serials |
| 655 #2 - INDEX TERM--GENRE/FORM |
| Genre/form data or focus term |
Periodical |
| 655 #7 - INDEX TERM--GENRE/FORM |
| Genre/form data or focus term |
periodicals. |
| Source of term |
aat |
| 655 #7 - INDEX TERM--GENRE/FORM |
| Genre/form data or focus term |
Periodicals. |
| Source of term |
fast |
| Authority record control number or standard number |
(OCoLC)fst01411641 |
| 655 #7 - INDEX TERM--GENRE/FORM |
| Genre/form data or focus term |
Periodicals. |
| Source of term |
lcgft |
| 655 #7 - INDEX TERM--GENRE/FORM |
| Genre/form data or focus term |
Périodiques. |
| Source of term |
rvmgf |
| 700 ## - ADDED ENTRY--PERSONAL NAME |
| Personal name |
Piet Van Leeuwen |
| 776 08 - ADDITIONAL PHYSICAL FORM ENTRY |
| Relationship information |
Online version: |
| Title |
Advances in catalysis |
| International Standard Serial Number |
2163-0747 |
| Record control number |
(DLC) 2011233057 |
| -- |
(OCoLC)61764781 |
| 780 00 - PRECEDING ENTRY |
| Title |
Advances in catalysis and related subjects |
| International Standard Serial Number |
0065-2342 |
| Record control number |
(DLC) 49007755 |
| -- |
(OCoLC)1461160 |
| 906 ## - LOCAL DATA ELEMENT F, LDF (RLIN) |
| a |
7 |
| b |
cbc |
| c |
serials |
| d |
2 |
| e |
ncip |
| f |
19 |
| g |
n-oclcserc |
| 942 ## - ADDED ENTRY ELEMENTS (KOHA) |
| Source of classification or shelving scheme |
Library of Congress Classification |
| Koha item type |
Books |